[Event "4NCL/Div2/3CS vs. PPA1"]
[Site "Birmingham ENG"]
[Date "2002.01.19"]
[Round "5.3"]
[White "Walton, Alan J"]
[Black "Moore, Gerald"]
[Result "0-1"]
[WhiteElo "2205"]
[BlackElo "2233"]
[PlyCount "118"]
[EventDate "2002.01.19"]
[SourceDate "2001.01.01"]

1. d4 Nf6 2. Bg5 c5 3. Bxf6 gxf6 4. dxc5 e6 5. Nc3 Bxc5 6. Ne4 Nc6 7. Nxc5 Qa5+
8. Qd2 Qxc5 9. e4 Qe5 10. O-O-O Qxe4 11. Nf3 Qb4 12. Qh6 Qe7 13. Qg7 Rf8 14.
Nd4 Nxd4 15. Rxd4 b6 16. Bb5 Qc5 17. Bxd7+ Bxd7 18. Qxf6 Rc8 19. c3 Qf5 20. Qh4
e5 21. Re1 Be6 22. Rde4 f6 23. g4 Qg6 24. h3 Kf7 25. f4 Bxa2 26. fxe5 Qg5+ 27.
Qxg5 fxg5 28. Ra4 Be6 29. Rxa7+ Kg8 30. Re7 Rfe8 31. Rb7 Rb8 32. Rc7 b5 33. Kc2
b4 34. Ra1 b3+ 35. Kd2 Ra8 36. Rxa8 Rxa8 37. Rc6 Kf7 38. Rc7+ Kg8 39. Rc6 Kf7
40. Rc7+ Kf8 41. Rc6 Ke7 42. Rc7+ Kd8 43. Rxh7 Ra2 44. c4 Rxb2+ 45. Kc3 Rb1 46.
h4 Rh1 47. Rh6 Rh3+ 48. Kb2 Bxc4 49. hxg5 Rg3 50. Rd6+ Ke7 51. Rd4 Rg2+ 52. Kb1
Be6 53. Rb4 Rxg4 54. Rb7+ Kf8 55. Rb6 Kf7 56. Rd6 Rxg5 57. Rd2 Rxe5 58. Rf2+
Ke7 59. Kb2 Kd6 0-1

[Event "4NCL/Div2/3CS vs. PPA1"]
[Site "Birmingham ENG"]
[Date "2002.01.19"]
[Round "5.4"]
[White "Rosen, Daniel B"]
[Black "Bentley, John L"]
[Result "1-0"]
[WhiteElo "2228"]
[BlackElo "2147"]
[PlyCount "82"]
[EventDate "2002.01.19"]
[SourceDate "2001.01.01"]

1. e4 c5 2. f4 g6 3. Nf3 Bg7 4. Nc3 Nc6 5. Bc4 e6 6. O-O Nge7 7. Qe1 O-O 8. d3
d5 9. Bb3 Na5 10. exd5 Nxb3 11. axb3 exd5 12. Qf2 b6 13. d4 Bf5 14. Be3 c4 15.
bxc4 dxc4 16. Ne5 Be6 17. d5 Nxd5 18. Rfd1 Qd6 19. Rxd5 Bxd5 20. Rd1 Qb4 21.
Nxd5 Qxb2 22. Bd4 Qa3 23. Nd7 Rad8 24. Bxg7 Kxg7 25. Qd4+ f6 26. N5xf6 Qc5 27.
Nxc5 Rxd4 28. Ne6+ Kxf6 29. Nxd4 Rd8 30. c3 b5 31. Rb1 a6 32. Kf2 Rb8 33. Ke3
Re8+ 34. Kd2 Re4 35. g3 Re8 36. Ra1 Ra8 37. Nxb5 Kf5 38. h3 Ke4 39. Nd4 Rb8 40.
Re1+ Kd5 41. Re5+ Kd6 1-0

[Event "4NCL/Div2/3CS vs. PPA1"]
[Site "Birmingham ENG"]
[Date "2002.01.19"]
[Round "5.5"]
[White "Ashton, Adam G"]
[Black "Byway, Paul"]
[Result "1/2-1/2"]
[WhiteElo "2146"]
[BlackElo "2216"]
[PlyCount "78"]
[EventDate "2002.01.19"]
[SourceDate "2001.01.01"]

1. e4 c5 2. Nf3 Nc6 3. Bb5 g6 4. O-O Bg7 5. Re1 e5 6. b4 cxb4 7. a3 Nge7 8.
axb4 O-O 9. Bxc6 dxc6 10. Bb2 Bg4 11. h3 Bxf3 12. Qxf3 Qd6 13. Qb3 Rfe8 14. d3
Nc8 15. Nd2 Nb6 16. Ra5 Nd7 17. Rea1 a6 18. Bc3 Rac8 19. Nc4 Qe6 20. Qb2 f6 21.
Qc1 Bf8 22. Qe3 c5 23. b5 axb5 24. Rxb5 b6 25. Rab1 Rc6 26. Qc1 Ra8 27. Qb2 Ra6
28. Ra1 Rxa1+ 29. Qxa1 Rc8 30. Qb2 Rb8 31. Ba5 bxa5 32. Rxb8 Nxb8 33. Qxb8 Qa6
34. Qb3 a4 35. Qa2 Kg7 36. Kh2 Qb5 37. Nb2 Qb4 38. Nxa4 Qd2 39. Nb6 Qf4+
1/2-1/2

[Event "4NCL/Div2/3CS vs. PPA1"]
[Site "Birmingham ENG"]
[Date "2002.01.19"]
[Round "5.6"]
[White "Bonafont, Philip"]
[Black "Longson, Alexander"]
[Result "1/2-1/2"]
[WhiteElo "2188"]
[BlackElo "2167"]
[PlyCount "65"]
[EventDate "2002.01.19"]
[SourceDate "2001.01.01"]

1. d4 Nf6 2. Nf3 d6 3. c4 Nbd7 4. Nc3 e5 5. e4 c6 6. Be2 Be7 7. O-O O-O 8. Qc2
Re8 9. Rd1 Qc7 10. Bg5 Nf8 11. h3 a6 12. a4 a5 13. Rac1 Ne6 14. Be3 Nd7 15. Bf1
Bf6 16. d5 Nec5 17. g3 Be7 18. Bg2 h5 19. Ne1 h4 20. Nd3 Nxd3 21. Qxd3 c5 22.
Rf1 Qd8 23. Qd2 b6 24. b3 Ba6 25. Rcd1 Nf8 26. f4 Ng6 27. f5 Nf8 28. g4 Nh7 29.
Kh2 Bg5 30. Ne2 Bxe3 31. Qxe3 Qg5 32. Qxg5 Nxg5 33. Rde1 1/2-1/2

[Event "4NCL/Div2/3CS vs. PPA1"]
[Site "Birmingham ENG"]
[Date "2002.01.19"]
[Round "5.7"]
[White "Taylor, Robert M"]
[Black "Day, Tom W"]
[Result "1-0"]
[WhiteElo "2153"]
[BlackElo "2115"]
[PlyCount "47"]
[EventDate "2002.01.19"]
[SourceDate "2001.01.01"]

1. e4 e5 2. Nf3 Nc6 3. Bb5 a6 4. Ba4 Bc5 5. O-O b5 6. Bb3 Nf6 7. Nxe5 Nxe5 8.
d4 Bxd4 9. Qxd4 d6 10. c3 O-O 11. Bg5 c5 12. Qd1 c4 13. Bc2 h6 14. Bh4 Bb7 15.
Nd2 d5 16. Bg3 Ng6 17. e5 Ne4 18. Nxe4 dxe4 19. Qe2 Qe7 20. Bxe4 Bxe4 21. Qxe4
Rad8 22. f4 f5 23. Qc6 Nh4 24. Rad1 1-0

[Event "4NCL/Div2/3CS vs. PPA1"]
[Site "Birmingham ENG"]
[Date "2002.01.19"]
[Round "5.8"]
[White "Connolly, Suzanne"]
[Black "Roberts, Elizabeth H"]
[Result "1/2-1/2"]
[WhiteElo "2086"]
[BlackElo "1456"]
[PlyCount "58"]
[EventDate "2002.01.19"]
[SourceDate "2001.01.01"]

1. e4 e5 2. Nf3 Nc6 3. Bb5 a6 4. Ba4 Nf6 5. d3 Bc5 6. c3 b5 7. Bc2 Qe7 8. b4
Bb6 9. a4 Bb7 10. O-O O-O 11. Qe2 d5 12. exd5 Nxd5 13. Bb3 Rad8 14. axb5 axb5
15. Bxd5 Rxd5 16. c4 Nd4 17. Nxd4 Bxd4 18. Ra3 bxc4 19. dxc4 Rd6 20. c5 Rg6 21.
Rg3 Rxg3 22. hxg3 Qe6 23. Be3 Qc6 24. Qf3 Qxf3 25. gxf3 Bxf3 26. Nd2 Be2 27.
Re1 Bxe3 28. Rxe2 Bxd2 29. Rxd2 Rb8 1/2-1/2

[Event "4NCL/Div2/SWD1 vs. NWE"]
[Site "Birmingham ENG"]
[Date "2002.01.20"]
[Round "6.1"]
[White "Cobb, James E"]
[Black "Shaw, John"]
[Result "1/2-1/2"]
[WhiteElo "2324"]
[BlackElo "2506"]
[PlyCount "90"]
[EventDate "2002.01.20"]
[SourceDate "2001.01.01"]

1. Nf3 d5 2. b3 Nf6 3. Bb2 Bf5 4. g3 e6 5. Bg2 Be7 6. O-O h6 7. d3 O-O 8. Nbd2
c6 9. Qe1 a5 10. a4 Bh7 11. e4 Na6 12. Nh4 Nb4 13. Rc1 Nd7 14. f4 Nc5 15. Qe3
b6 16. Nhf3 Qc7 17. Kh1 Rad8 18. e5 b5 19. axb5 cxb5 20. Nd4 Qd7 21. g4 Rc8 22.
N2f3 a4 23. bxa4 Nxa4 24. Ba1 Nc3 25. Rf2 Nba2 26. Rcf1 Bc5 27. Bh3 b4 28. f5
Kh8 29. f6 g5 30. Rg1 Qa7 31. Bg2 Rg8 32. Bb2 Qb6 33. Ra1 Ra8 34. Bf1 Ra4 35.
h4 b3 36. cxb3 Bxd4 37. Nxd4 Qxd4 38. Qxd4 Rxd4 39. Rxa2 Nxa2 40. Bxd4 Nb4 41.
Bc5 Nxd3 42. Bxd3 Bxd3 43. h5 Ra8 44. Kh2 Ra1 45. b4 Bc4 1/2-1/2

[Event "4NCL/Div2/SWD1 vs. NWE"]
[Site "Birmingham ENG"]
[Date "2002.01.20"]
[Round "6.2"]
[White "Kennaugh, Charles W"]
[Black "Cooper, John G"]
[Result "1/2-1/2"]
[WhiteElo "2255"]
[BlackElo "2333"]
[PlyCount "87"]
[EventDate "2002.01.20"]
[SourceDate "2001.01.01"]

1. e4 c5 2. Nf3 Nc6 3. Nc3 d6 4. d4 cxd4 5. Nxd4 e6 6. g3 Nf6 7. Bg2 Bd7 8. O-O
Be7 9. Be3 O-O 10. Qe2 a6 11. Rad1 Qc7 12. Nxc6 Bxc6 13. f4 b5 14. a3 Qb7 15.
Bd4 Rad8 16. Rfe1 a5 17. e5 dxe5 18. Bxc6 Qxc6 19. fxe5 Rxd4 20. Rxd4 Bc5 21.
Nxb5 Rb8 22. exf6 Qxb5 23. Qg4 g6 24. Kg2 h5 25. Qe4 Bxd4 26. Qxd4 Qxb2 27.
Qxb2 Rxb2 28. Rc1 Ra2 29. h4 Kf8 30. Rb1 Rxc2+ 31. Kf3 Ke8 32. Rb8+ Kd7 33. Rf8
e5 34. Rxf7+ Ke6 35. Ra7 Kxf6 36. Rxa5 Kf5 37. a4 Rc3+ 38. Kf2 Rc2+ 39. Kf3 Ra2
40. Ra6 Ra3+ 41. Kf2 Ra2+ 42. Ke3 Rg2 43. Kf3 Ra2 44. Ke3 1/2-1/2

[Event "4NCL/Div2/SWD1 vs. NWE"]
[Site "Birmingham ENG"]
[Date "2002.01.20"]
[Round "6.3"]
[White "Zeidler, Sven P"]
[Black "Littlewood, John E"]
[Result "1-0"]
[WhiteElo "2277"]
[BlackElo "2305"]
[PlyCount "29"]
[EventDate "2002.01.20"]
[SourceDate "2001.01.01"]

1. e4 e5 2. Nf3 Nc6 3. c3 Nf6 4. d4 d6 5. h3 exd4 6. cxd4 Nxe4 7. d5 Qe7 8. Be2
Nd8 9. O-O Qd7 10. Re1 Be7 11. Nd4 Nf6 12. Bg5 Nxd5 13. Bg4 Ne6 14. Nxe6 fxe6
15. Qxd5 1-0

[Event "4NCL/Div2/SWD1 vs. NWE"]
[Site "Birmingham ENG"]
[Date "2002.01.20"]
[Round "6.4"]
[White "Lund, D. Brett"]
[Black "Dineley, Richard D.P"]
[Result "1/2-1/2"]
[WhiteElo "2283"]
[BlackElo "2284"]
[PlyCount "41"]
[EventDate "2002.01.20"]
[SourceDate "2001.01.01"]

1. g3 e5 2. c4 Nf6 3. Bg2 d5 4. cxd5 Nxd5 5. Nf3 Nc6 6. O-O Be7 7. d4 exd4 8.
Nxd4 Nxd4 9. Qxd4 Nf6 10. Qxd8+ Bxd8 11. a4 a5 12. Na3 c6 13. Nc4 Bc7 14. Bd2
Be6 15. Rfc1 Nd5 16. Ra3 O-O 17. e4 Nb4 18. Bf1 Rfe8 19. Be3 Rad8 20. Be2 Rd7
21. f4 1/2-1/2

[Event "4NCL/Div2/SWD1 vs. NWE"]
[Site "Birmingham ENG"]
[Date "2002.01.20"]
[Round "6.5"]
[White "James, David J"]
[Black "Charleshouse, Glenn L"]
[Result "1/2-1/2"]
[WhiteElo "2247"]
[BlackElo "2309"]
[PlyCount "123"]
[EventDate "2002.01.20"]
[SourceDate "2001.01.01"]

1. d4 Nf6 2. Nf3 e6 3. Bg5 c5 4. e3 Be7 5. c4 cxd4 6. exd4 O-O 7. Nc3 b6 8. Bd3
Bb7 9. O-O d5 10. cxd5 Nxd5 11. Bxe7 Qxe7 12. Rc1 Nd7 13. a3 N7f6 14. Ne2 Qd6
15. Ne5 Rfd8 16. Qa4 Ne7 17. Ba6 Bxa6 18. Qxa6 Ng6 19. Nxg6 hxg6 20. h3 Nd5 21.
Qb7 Qd7 22. Qxd7 Rxd7 23. Rc2 Rad8 24. Rfc1 Kf8 25. g3 Ne7 26. g4 Nd5 27. Kg2
Ke7 28. h4 Nf6 29. f3 Nd5 30. Kf2 Rh8 31. Rh1 Nc7 32. Ke3 Nb5 33. Rc4 Rhd8 34.
Rhc1 Nd6 35. R4c2 Rh8 36. Rh1 Nb5 37. Rc4 Nc7 38. Rc2 Nd5+ 39. Kf2 a5 40. Rc4
Rb8 41. Rhc1 Rh8 42. Rh1 g5 43. h5 g6 44. Rcc1 gxh5 45. gxh5 f5 46. Rc6 Rh6 47.
Nc3 Nf4 48. d5 Nxd5 49. Nxd5+ Rxd5 50. Rxb6 f4 51. Ke2 Kf6 52. a4 Re5+ 53. Kf2
Rc5 54. b4 Rc2+ 55. Kf1 axb4 56. Rxb4 Rc1+ 57. Kg2 Rxh1 58. Kxh1 Rxh5+ 59. Kg2
Rh7 60. a5 Kf5 61. Rb5+ e5 62. a6 1/2-1/2

[Event "4NCL/Div2/SWD1 vs. NWE"]
[Site "Birmingham ENG"]
[Date "2002.01.20"]
[Round "6.6"]
[White "Quillan, Gary"]
[Black "Richmond, Peter A"]
[Result "0-1"]
[WhiteElo "2319"]
[BlackElo "2240"]
[PlyCount "80"]
[EventDate "2002.01.20"]
[SourceDate "2001.01.01"]

1. e4 c5 2. Nf3 Nc6 3. Bb5 g6 4. O-O Bg7 5. c3 Qb6 6. Ba4 e5 7. Na3 a6 8. b4
cxb4 9. cxb4 Nge7 10. b5 Nd4 11. Nc4 Qe6 12. Bb3 axb5 13. Nxd4 exd4 14. Na3 Qb6
15. Rb1 O-O 16. Nxb5 d5 17. Ba3 Rxa3 18. Nxa3 Qa5 19. Qc1 dxe4 20. Nb5 e3 21.
Qc5 e2 22. Rfe1 Bf5 23. Rbc1 Nc6 24. Nd6 Qxc5 25. Rxc5 d3 26. Nxf5 gxf5 27.
Rxf5 Nd4 28. Rf4 Nxb3 29. axb3 Bc3 30. Rg4+ Kh8 31. Re4 Bxd2 32. R1xe2 dxe2 33.
Rxe2 Bg5 34. Re5 Bf6 35. Rd5 Rd8 36. Rxd8+ Bxd8 37. f4 Bb6+ 38. Kf1 Kg7 39. Ke2
Kg6 40. g4 h5 0-1

[Event "4NCL/Div2/SWD1 vs. NWE"]
[Site "Birmingham ENG"]
[Date "2002.01.20"]
[Round "6.7"]
[White "Johnston, Dafydd"]
[Black "Tebb, David J"]
[Result "1/2-1/2"]
[WhiteElo "2230"]
[BlackElo "2244"]
[PlyCount "39"]
[EventDate "2002.01.20"]
[SourceDate "2001.01.01"]

1. e4 e5 2. Nf3 Nc6 3. Bb5 a6 4. Ba4 Nf6 5. O-O b5 6. Bb3 Bb7 7. d4 Nxd4 8.
Bxf7+ Kxf7 9. Nxe5+ Kg8 10. Qxd4 Qe8 11. Nf3 Qxe4 12. Qxe4 Bxe4 13. Bf4 Nd5 14.
Bg3 Bxf3 15. gxf3 Be7 16. a4 b4 17. Rd1 c6 18. c4 bxc3 19. Nxc3 Nf6 20. Ne4
1/2-1/2

[Event "4NCL/Div2/SWD1 vs. NWE"]
[Site "Birmingham ENG"]
[Date "2002.01.20"]
[Round "6.8"]
[White "Summerscale, Claire E"]
[Black "Johnston, Lowri"]
[Result "1/2-1/2"]
[WhiteElo "2031"]
[BlackElo "1608"]
[PlyCount "86"]
[EventDate "2002.01.20"]
[SourceDate "2001.01.01"]

1. d4 Nf6 2. Nc3 e6 3. e4 d5 4. e5 Nfd7 5. f4 c5 6. Nf3 Nc6 7. Be3 cxd4 8. Nxd4
Bc5 9. Ncb5 O-O 10. Nxc6 bxc6 11. Bxc5 Nxc5 12. Nd6 Nb7 13. Nxc8 Rxc8 14. b4
Qb6 15. Qd2 c5 16. a3 Rfd8 17. g4 Qc7 18. c3 cxb4 19. cxb4 Qc3 20. Qxc3 Rxc3
21. Ba6 Rd7 22. Kd2 Rf3 23. Rhc1 g6 24. Rc8+ Kg7 25. Rb8 Nd8 26. Bb5 Rb7 27.
Rxb7 Nxb7 28. Rc1 Rxa3 29. Rc7 Nd8 30. Rc8 Nb7 31. Bc6 Rb3 32. Bxb7 Rxb4 33.
Ba6 Rxf4 34. h3 Re4 35. Bd3 Rxe5 36. Ra8 h5 37. Rxa7 hxg4 38. hxg4 Rg5 39. Be2
Kf6 40. Bf3 Re5 41. Rb7 g5 42. Rb8 Kg6 43. Rb6 Kf6 1/2-1/2

[Event "4NCL/Div2/BAR3 vs. 3CS"]
[Site "Birmingham ENG"]
[Date "2002.01.20"]
[Round "6.1"]
[White "Taylor, Peter"]
[Black "Davies, Nigel R"]
[Result "0-1"]
[WhiteElo "2229"]
[BlackElo "2481"]
[PlyCount "80"]
[EventDate "2002.01.20"]
[SourceDate "2001.01.01"]

1. c4 Nf6 2. g3 g6 3. Bg2 d5 4. Nf3 dxc4 5. Qc2 b5 6. b3 cxb3 7. axb3 e6 8. O-O
Bb7 9. d4 Nbd7 10. Nc3 Be7 11. e4 b4 12. Na4 c5 13. e5 Nd5 14. Nxc5 Nxc5 15.
dxc5 Nc3 16. Be3 Be4 17. Qd2 Qc7 18. Bd4 Bxc5 19. Bxc5 Qxc5 20. Qd6 Qxd6 21.
exd6 a5 22. Ne5 Bxg2 23. Kxg2 Ra6 24. Nc4 a4 25. bxa4 f6 26. Rfe1 Kd7 27. a5
Rc6 28. Nd2 Kxd6 29. Nb3 Kd5 30. a6 Ra8 31. a7 Rc7 32. Ra5+ Kc4 33. Nd2+ Kd3
34. Nb3 Raxa7 35. Re3+ Kc2 36. Nd4+ Kb2 37. Rxa7 Rxa7 38. Rxe6 Rd7 39. Nc6 b3
40. Na5 Kc2 0-1

[Event "4NCL/Div2/BAR3 vs. 3CS"]
[Site "Birmingham ENG"]
[Date "2002.01.20"]
[Round "6.2"]
[White "Clarke, Stuart"]
[Black "D'Costa, Lorin AR"]
[Result "1-0"]
[WhiteElo "2290"]
[BlackElo "2212"]
[PlyCount "53"]
[EventDate "2002.01.20"]
[SourceDate "2001.01.01"]

1. e4 c5 2. c3 Nf6 3. e5 Nd5 4. d4 cxd4 5. Nf3 e6 6. cxd4 b6 7. Nc3 Nxc3 8.
bxc3 Qc7 9. Bd2 Bb7 10. Bd3 d6 11. O-O Nd7 12. Ng5 dxe5 13. Qh5 g6 14. Qh3 Be7
15. Rae1 a6 16. f4 Bxg5 17. fxg5 O-O 18. Re3 exd4 19. cxd4 Qd6 20. Qh4 Qd5 21.
Rf2 Rfb8 22. Rh3 Nf8 23. Bb4 Rc8 24. Bxf8 Rc1+ 25. Bf1 Kxf8 26. Qxh7 Qd7 27.
Qh8+ 1-0

[Event "4NCL/Div2/BAR3 vs. 3CS"]
[Site "Birmingham ENG"]
[Date "2002.01.20"]
[Round "6.3"]
[White "Hodgson, John H"]
[Black "Ashton, Adam G"]
[Result "1/2-1/2"]
[WhiteElo "2195"]
[BlackElo "2146"]
[PlyCount "56"]
[EventDate "2002.01.20"]
[SourceDate "2001.01.01"]

1. e4 e5 2. f4 exf4 3. Bc4 Nf6 4. Nc3 c6 5. Bb3 d5 6. exd5 cxd5 7. d4 Bd6 8.
Nge2 O-O 9. O-O Be6 10. Bxf4 Nc6 11. Qd3 Qd7 12. Ng3 Be7 13. Rae1 Rad8 14. Ba4
a6 15. Bxc6 Qxc6 16. Bg5 Rde8 17. Nd1 Qc4 18. Qd2 Ne4 19. Nxe4 dxe4 20. Bxe7
Rxe7 21. Rxe4 Qxf1+ 22. Kxf1 Bc4+ 23. Kf2 Rxe4 24. Nc3 Re7 25. b3 Be6 26. h3
Rd8 27. Ne2 Rde8 28. Ng1 b5 1/2-1/2

[Event "4NCL/Div2/BAR3 vs. 3CS"]
[Site "Birmingham ENG"]
[Date "2002.01.20"]
[Round "6.4"]
[White "Longson, Alexander"]
[Black "Mack, Andrew"]
[Result "1/2-1/2"]
[WhiteElo "2167"]
[BlackElo "2275"]
[PlyCount "67"]
[EventDate "2002.01.20"]
[SourceDate "2001.01.01"]

1. e4 e6 2. d4 d5 3. Nc3 Bb4 4. e5 Ne7 5. a3 Bxc3+ 6. bxc3 c5 7. Qg4 O-O 8. Bd3
f5 9. exf6 Rxf6 10. Bg5 Rf7 11. Qh4 h6 12. Bxe7 Qxe7 13. Qxe7 Rxe7 14. f4 b6
15. Nf3 Ba6 16. Kd2 Bxd3 17. cxd3 Nc6 18. dxc5 bxc5 19. Rab1 Rf8 20. Rb5 Rxf4
21. Rxc5 Nd8 22. Rb1 Kh7 23. Rb4 Rf5 24. Ke3 Nf7 25. Ra4 Ne5 26. Rca5 Nxf3 27.
gxf3 Ref7 28. f4 Rh5 29. Rxa7 Rh3+ 30. Ke2 Rxh2+ 31. Ke3 Rh3+ 32. Ke2 Rh2+ 33.
Ke3 Rh3+ 34. Ke2 1/2-1/2

[Event "4NCL/Div2/BAR3 vs. 3CS"]
[Site "Birmingham ENG"]
[Date "2002.01.20"]
[Round "6.5"]
[White "Karayiannis, Costas"]
[Black "Bentley, John L"]
[Result "1/2-1/2"]
[WhiteElo "2157"]
[BlackElo "2147"]
[PlyCount "69"]
[EventDate "2002.01.20"]
[SourceDate "2001.01.01"]

1. d4 Nf6 2. c4 g6 3. Nc3 Bg7 4. e4 d6 5. f3 O-O 6. Bg5 a6 7. Qd2 c5 8. d5 b5
9. cxb5 axb5 10. Bxb5 Ba6 11. Nge2 Qb6 12. a4 Bxb5 13. Nxb5 Na6 14. O-O Rfb8
15. Be3 Ne8 16. Rab1 Qb7 17. Rfc1 Nec7 18. Nxc7 Nxc7 19. b3 Ra6 20. Rc4 Rb6 21.
b4 Rxb4 22. Rcxb4 cxb4 23. Nd4 Na6 24. Nc6 Rc8 25. a5 Bf6 26. Bd4 Bxd4+ 27.
Qxd4 Rc7 28. h4 Qb5 29. Kf2 Rb7 30. Rb3 Nc5 31. Rxb4 Nd3+ 32. Qxd3 Qxd3 33.
Rxb7 Qd2+ 34. Kg3 Qe1+ 35. Kh3 1/2-1/2

[Event "4NCL/Div2/BAR3 vs. 3CS"]
[Site "Birmingham ENG"]
[Date "2002.01.20"]
[Round "6.6"]
[White "Walton, Alan J"]
[Black "Rich, Mark"]
[Result "0-1"]
[WhiteElo "2205"]
[BlackElo "2180"]
[PlyCount "88"]
[EventDate "2002.01.20"]
[SourceDate "2001.01.01"]

1. d4 f5 2. Bg5 g6 3. Nd2 Bg7 4. e4 fxe4 5. Nxe4 d5 6. Nc5 Qd6 7. Nb3 e5 8. Qe2
Kf7 9. O-O-O c6 10. Re1 e4 11. f3 h6 12. Bd2 Nf6 13. a3 Re8 14. Qf2 Kg8 15. h3
b6 16. g4 a5 17. Bg2 a4 18. Na1 Nbd7 19. h4 c5 20. g5 Nh5 21. Ne2 cxd4 22. Nxd4
hxg5 23. Nb5 Qc6 24. Nc3 Nc5 25. fxe4 dxe4 26. hxg5 Ra7 27. Qe3 Bf5 28. Bf1 Rd8
29. Bc4+ Kf8 30. Rxh5 gxh5 31. Rf1 Qg6 32. Qh3 Rf7 33. Bxf7 Bxh3 34. Bxg6+ Bxf1
35. Bxh5 Bd4 36. Nd1 Bg2 37. c3 Be5 38. Be2 Bf3 39. Bxf3 exf3 40. Be3 Bf4 41.
Bxf4 Nd3+ 42. Kc2 Nxf4 43. b3 Nh3 44. Ne3 f2 0-1

[Event "4NCL/Div2/BAR3 vs. 3CS"]
[Site "Birmingham ENG"]
[Date "2002.01.20"]
[Round "6.7"]
[White "Kieran, Rosalind"]
[Black "Taylor, Robert M"]
[Result "1/2-1/2"]
[WhiteElo "2079"]
[BlackElo "2153"]
[PlyCount "57"]
[EventDate "2002.01.20"]
[SourceDate "2001.01.01"]

1. e4 c5 2. Nf3 d6 3. d4 cxd4 4. Nxd4 Nf6 5. Nc3 a6 6. Be3 e5 7. Nb3 Be6 8. f3
Nbd7 9. Qd2 b5 10. O-O-O Rc8 11. Kb1 Be7 12. g4 Nb6 13. g5 Nfd7 14. h4 Nc4 15.
Bxc4 bxc4 16. Nc1 Nb6 17. N1e2 Rb8 18. f4 g6 19. Rdf1 Qd7 20. Qc1 exf4 21. Nxf4
Na4 22. Nxa4 Qxa4 23. c3 Rb5 24. Bd4 Rf8 25. Bf6 Ra5 26. a3 Qc6 27. Qe3 Qc5 28.
Qxc5 Rxc5 29. Bxe7 1/2-1/2

[Event "4NCL/Div2/BAR3 vs. 3CS"]
[Site "Birmingham ENG"]
[Date "2002.01.20"]
[Round "6.8"]
[White "Roberts, Elizabeth H"]
[Black "Macnab, Louise C"]
[Result "1-0"]
[WhiteElo "1456"]
[BlackElo "1665"]
[PlyCount "67"]
[EventDate "2002.01.20"]
[SourceDate "2001.01.01"]

1. e4 c6 2. d4 d5 3. exd5 cxd5 4. Bd3 Nc6 5. c3 Nf6 6. Bg5 Bg4 7. Qb3 b6 8. Nd2
e6 9. Ngf3 Bxf3 10. Nxf3 a6 11. Ne5 Nb8 12. O-O Be7 13. Rae1 O-O 14. Qc2 h6 15.
Bh4 Nfd7 16. Bxe7 Qxe7 17. f4 Nxe5 18. fxe5 Nc6 19. Re3 b5 20. Rg3 f6 21. exf6
Rxf6 22. Rxf6 Qxf6 23. Rg6 Qf7 24. Qe2 Re8 25. Rg3 Rf8 26. Re3 Re8 27. Qg4 Qd7
28. Rh3 Kf8 29. Rf3+ Ke7 30. Qxg7+ Kd8 31. Rf7 Re7 32. Qf8+ Kc7 33. Rxe7 Qxe7
34. Qxh6 1-0

[Event "4NCL/Div2/W&S vs. SLO2"]
[Site "Birmingham ENG"]
[Date "2002.01.20"]
[Round "6.1"]
[White "Haydon, Richard"]
[Black "Harris, Michael J"]
[Result "1/2-1/2"]
[WhiteElo "2208"]
[BlackElo "2235"]
[PlyCount "57"]
[EventDate "2002.01.20"]
[SourceDate "2001.01.01"]

1. g3 e5 2. c4 f5 3. Bg2 Nf6 4. Nc3 Nc6 5. d3 Bb4 6. Bd2 O-O 7. a3 Bxc3 8. Bxc3
d6 9. Nf3 Qe8 10. O-O Qh5 11. e3 f4 12. exf4 exf4 13. Nd2 Ng4 14. h3 Nf6 15.
Qxh5 Nxh5 16. g4 f3 17. Bxf3 Nf4 18. Kh2 Nxd3 19. Bd5+ Kh8 20. f4 Ne7 21. Rf3
c6 22. Be4 Nc5 23. Bc2 Bd7 24. f5 Rae8 25. b4 Na6 26. Re1 Ng8 27. Rfe3 Nc7 28.
Ne4 d5 29. Nd6 1/2-1/2

[Event "4NCL/Div2/W&S vs. SLO2"]
[Site "Birmingham ENG"]
[Date "2002.01.20"]
[Round "6.2"]
[White "Tarifa, Alket"]
[Black "Lappage, Jonathan"]
[Result "1-0"]
[WhiteElo "2249"]
[BlackElo "2187"]
[PlyCount "65"]
[EventDate "2002.01.20"]
[SourceDate "2001.01.01"]

1. e4 c5 2. c3 Nf6 3. e5 Nd5 4. d4 cxd4 5. cxd4 d6 6. Nf3 Nc6 7. Be2 Bg4 8. O-O
e6 9. h3 Bh5 10. a3 Be7 11. exd6 Qxd6 12. Nc3 Rd8 13. Nxd5 Qxd5 14. Be3 O-O 15.
b4 Bf6 16. Qa4 Qd7 17. b5 Bxf3 18. Bxf3 Nxd4 19. Bxd4 Bxd4 20. Rad1 e5 21. Qb3
Kh8 22. a4 f5 23. a5 e4 24. Be2 Rf6 25. Rxd4 Qxd4 26. Rd1 Qxd1+ 27. Bxd1 Rfd6
28. Be2 Rd2 29. Bc4 f4 30. Qa3 Rd1+ 31. Kh2 R1d7 32. Qc5 Rd4 33. Be2 1-0

[Event "4NCL/Div2/W&S vs. SLO2"]
[Site "Birmingham ENG"]
[Date "2002.01.20"]
[Round "6.3"]
[White "Churm, Rohan M"]
[Black "Richmond, Robert J"]
[Result "0-1"]
[WhiteElo "2171"]
[BlackElo "2234"]
[PlyCount "66"]
[EventDate "2002.01.20"]
[SourceDate "2001.01.01"]

1. e4 e5 2. Nf3 d6 3. d4 Nf6 4. Nc3 Nbd7 5. Bc4 Be7 6. O-O O-O 7. h3 c6 8. a4
b6 9. Re1 a6 10. d5 c5 11. Nh2 Ne8 12. f4 exf4 13. Bxf4 Bf6 14. Nf3 Qe7 15. Ra3
Ne5 16. Nd2 Nc7 17. Be2 Bd7 18. Qb1 b5 19. axb5 axb5 20. Rxa8 Rxa8 21. Nf1 b4
22. Nd1 Ng6 23. Bg3 Nb5 24. Nfe3 Bh4 25. Bxh4 Qxh4 26. Nf2 Nd4 27. Bg4 Bxg4 28.
Nexg4 Nf4 29. Re3 h5 30. Nh2 Nde2+ 31. Rxe2 Nxe2+ 32. Kf1 Ng3+ 33. Kg1 Nxe4 0-1

[Event "4NCL/Div2/W&S vs. SLO2"]
[Site "Birmingham ENG"]
[Date "2002.01.20"]
[Round "6.4"]
[White "Armstrong, Malcolm J"]
[Black "Headlong, Timothy"]
[Result "1/2-1/2"]
[WhiteElo "2132"]
[BlackElo "2232"]
[PlyCount "27"]
[EventDate "2002.01.20"]
[SourceDate "2001.01.01"]

1. d4 d5 2. Nf3 c5 3. e3 e6 4. b3 Nf6 5. Bd3 Nc6 6. Bb2 Be7 7. Nbd2 b6 8. O-O
Bb7 9. a3 O-O 10. Qe2 a5 11. Bb5 Na7 12. Bd3 Nc6 13. Bb5 Na7 14. Bd3 1/2-1/2

[Event "4NCL/Div2/W&S vs. SLO2"]
[Site "Birmingham ENG"]
[Date "2002.01.20"]
[Round "6.5"]
[White "Dickinson, Tim R"]
[Black "de Coverly, Roger"]
[Result "1/2-1/2"]
[WhiteElo "2179"]
[BlackElo "2106"]
[PlyCount "174"]
[EventDate "2002.01.20"]
[SourceDate "2001.01.01"]

1. e4 e5 2. Nf3 Nc6 3. Bb5 a6 4. Ba4 Nf6 5. O-O Be7 6. Re1 b5 7. Bb3 d6 8. c3
O-O 9. h3 h6 10. d4 Re8 11. Nbd2 Bf8 12. d5 Ne7 13. a4 Bd7 14. c4 Ng6 15. Nf1
c5 16. axb5 axb5 17. Bd2 Rxa1 18. Qxa1 Nh5 19. Qa6 b4 20. Ba4 Ngf4 21. Qa7 Bxa4
22. Qxa4 Nd3 23. Re3 Ndf4 24. Kh2 Qa8 25. Qd7 Nf6 26. Qc7 Qa6 27. Qc6 Qxc6 28.
dxc6 Rc8 29. b3 Rxc6 30. g3 Ne6 31. Bc1 Ra6 32. N1d2 Ra2 33. Kg2 Rc2 34. Re1 g6
35. Kf1 h5 36. Ke2 Bh6 37. Kd1 Ra2 38. Rg1 Nd4 39. Nxd4 Bxd2 40. Bxd2 exd4 41.
Re1 Nd7 42. f4 Rb2 43. e5 dxe5 44. fxe5 Nf8 45. g4 h4 46. Bg5 Rxb3 47. Bxh4
Rb1+ 48. Kc2 Rxe1 49. Bxe1 Ne6 50. Bh4 g5 51. Bg3 Kg7 52. h4 gxh4 53. Bxh4 Kf8
54. Be1 Ke8 55. Bd2 Kd7 56. Bh6 Kc6 57. Kc1 Kb6 58. Kc2 Ka5 59. Kb3 d3 60. Be3
Kb6 61. g5 Kc6 62. Kb2 Nf8 63. Bf4 Ng6 64. Bg3 Kd7 65. Kb3 Nf8 66. Bf2 Ne6 67.
Be3 Kc6 68. Kb2 Kb6 69. Ka2 Ka6 70. Kb2 Ka5 71. Kb3 Kb6 72. Ka2 Nd4 73. Kb2 Nf5
74. Bf2 Ne7 75. Bh4 Ng6 76. Bg3 Kc6 77. Kb3 Kd7 78. Bf2 Nxe5 79. Bxc5 d2 80.
Kc2 b3+ 81. Kxd2 Nxc4+ 82. Kc3 b2 83. Kc2 Ke6 84. Bd4 Kf5 85. Bf6 Nd6 86. Bxb2
Kxg5 87. Be5 Nc4 1/2-1/2